000
00213nam a22000857a 4500
008
170327b xxu||||| |||| 00| 0 eng d
100
_9
3039
_a
Purang.Y.P.
245
_a
Manual on Science-X
260
_a
New Delhi
_b
APC
_c
2010
999
_c
6293
_d
6293